Euroleague Teams 2025-2026 Quiz - Statistics

General Stats
  • This quiz has been taken 322 times
  • The average score is 19 of 20
Answer Stats
Country Team % Correct
Italy EA7 Emporio Armani Milan
99%
Spain FC Barcelona
99%
Spain Real Madrid
99%
Isreal Maccabi Rapyd Tel Aviv
98%
Greece Panathinaikos AKTOR Athens
98%
Germany FC Bayern Munich
97%
Serbia Partizan Mozzart Bet Belgrade
97%
Turkey Anadolu Efes Istanbul
96%
UAE Dubai Basketball
96%
Greece Olympiacos Piraeus
96%
France Paris Basketball
96%
France AS Monaco
95%
Spain Baskonia Vitoria-Gasteiz
95%
Spain Valencia Basket
95%
Lithuania Zalgiris Kaunas
95%
Serbia Crvena Zvezda Meridianbet Belgrade
94%
Isreal Hapoel IBI Tel Aviv
94%
Italy Virtus Bologna
93%
Turkey Fenerbahce Beko Istanbul
92%
France LDLC ASVEL Villeurbanne
92%
No matching quizzes found
Score Distribution
Percent of People with Each Score
Percentile by Number Answered
Your Score History
You have not taken this quiz